000 00764pam a2200265 i 4500
008
020 _a0387903089(hhk.)
049 _aMAIN
090 _aQR88
100 1 _aGottschalk, Gerhard.
245 1 0 _aBacterial metabolism /
_cGerhard Gottschalk.
260 _aNew York :
_bSpringer-Verlag,
_cc1979.
300 _axi, 281 p. :
_bill. ;
_c24 cm.
440 0 _aSpringer series in microbiology
504 _aBibliography: p. [258]-262.
500 _aIncludes index.
650 0 _aMicrobial metabolism.
650 0 _aBacteria
_xPhysiology.
650 2 _aBacteria
_xmetabolism.
907 _a.b10055496
_b16-01-07
_c17-04-03
003
005 20230123133722.0
040 _cNUST
942 _cBOOKS
_kQR88
999 _c153459
_d153459